000 00702nam a22002177a 4500
003 UA-OsUOA
001 109601
007 ta
008 20150122b un ||||| |||| 00| 0 ukr d
100 _aПівньова Л.
090 _a81
_bП36
942 _cSA
040 _aUA-OsUOA
_bukr
_cUA-OsUOA
_dUA-OsUOA
245 _aМова спеціального призначення як об'єкт лінгвістичних студій
300 _aС.117-126
955 _a0
041 _aukr
080 _a81
773 0 _w109600
_tУкраїнська мова
_dК.
_d2014
_g4
650 7 _a8 Мовознавство. Художня література. Літературознавство
_2UDC
999 _c395532
_d395532